Budai Várnegyed barlangrendszerének turisztikai hasznosítása

Bibliográfiai részletek
Szerző: Vám Evelin Éva
További közreműködők: Schultz Éva
Dokumentumtípus: Diplomadolgozat
Kulcsszavak:Barlangrendszer, Budai Vár
Barlangrendszer, rehabilitáció
Várkert Bazár, Budapest
Elemzés
Online Access:http://dolgozattar.uni-bge.hu/59410

MARC

LEADER 00000nta a2200000 i 4500
001 dolg59410
005 20260115090046.0
008 260115suuuu hu om 000 hun d
040 |a BGE Dolgozattár Repozitórium  |b hun 
041 |a hu 
100 1 |a Vám Evelin Éva 
245 1 0 |a Budai Várnegyed barlangrendszerének turisztikai hasznosítása  |c Vám Evelin Éva  |h [elektronikus dokumentum] 
695 |a Barlangrendszer, Budai Vár 
695 |a Barlangrendszer, rehabilitáció 
695 |a Várkert Bazár, Budapest 
695 |a Elemzés 
700 1 |a Schultz Éva  |e ths 
856 4 0 |u http://dolgozattar.uni-bge.hu/59410/1/Vam-Evelin-Eva.pdf  |z Dokumentum-elérés